Lieux par lettre - P - Statistiques

Statistiques générales
  • Ce quiz a été pris 82 fois
  • Le résultat moyen est 13 sur 20
Statistiques - réponses
Indice Lieux % Correct
Ville célèbre pour sa tour penchée Pise
100%
École fréquentée par Harry, Ron et Hermione Poudlard
92%
Elle passa de planète à planète naine en 2006 Pluton
91%
Autrefois connue sous le nom de Lutèce Paris
88%
Le quechua et l'aymara y sont des langues officielles Pérou
83%
Abrite le quartier général de la Défense des États-Unis Pentagone
82%
Pays où l'on achète des pierogi avec des złoty Pologne
81%
Ville qui fut détruite par l'éruption du Vésuve Pompéi
77%
Saint Pierre en garderait les clés Paradis
73%
Nom traditionnel de l'Iran Perse
69%
Préfecture de la Dordogne Périgueux
59%
Région historique du Proche-Orient où naquit Jésus Palestine
55%
Territoire des États-Unis, situé dans les grandes Antilles Porto Rico
55%
Exolune habitée par les Na'vi, de grands êtres à la peau bleue Pandora
53%
Préfecture ardéchoise Privas
53%
Région d'Italie limitrophe de la France et de la Suisse Piémont
49%
Un des 4 camps romains entourant le village d'Astérix Petibonum
44%
Pays d'où est originaire le Marsupilami Palombie
40%
Nation où sont organisés les Hunger Games Panem
26%
Capitale des Enfers Pandémonium
5%
Aucun quiz correspondant
Distribution des résultats
% des personnes avec chaque résultat
Percentile par nombre de réponses
Votre historique - résultats
Vous n’avez pas pris ce quiz